ՀՀ Գիտությունների ազգային ակադեմիայի հիմնարար գիտական գրադարան  =   Fundamental Scientific Library of NAS RA

Korperbau und Charakter : (Record no. 273659)

MARC details
000 -LEADER
fixed length control field 00665nam a2200205 a 4500
001 - CONTROL NUMBER
control field 000739934
003 - CONTROL NUMBER IDENTIFIER
control field AM-YeHGA
005 - DATE AND TIME OF LATEST TRANSACTION
control field 20250617143339.0
008 - FIXED-LENGTH DATA ELEMENTS--GENERAL INFORMATION
fixed length control field 100602s1922 ||| r 000 0 ger d
040 ## - CATALOGING SOURCE
Original cataloging agency AM-YeHGA
041 0# - LANGUAGE CODE
Language code of text/sound track or separate title ger
090 ## - LOCALLY ASSIGNED LC-TYPE CALL NUMBER (OCLC); LOCAL CALL NUMBER (RLIN)
-- 275302
100 1# - MAIN ENTRY--PERSONAL NAME
Personal name Kretschmer, Ernst,
Dates associated with a name 1888-1964.
245 10 - TITLE STATEMENT
Title Korperbau und Charakter :
Remainder of title Untersuchungen zum Konstitutionsproblem und zer Lehre von den Temperamenten /
Statement of responsibility, etc. von Ernst Kretschmer.
250 ## - EDITION STATEMENT
Edition statement 2te vermehrte und verbesserte Aufl.
260 ## - PUBLICATION, DISTRIBUTION, ETC.
Place of publication, distribution, etc. Berlin :
Name of publisher, distributor, etc. Springer,
Date of publication, distribution, etc. 1922.
300 ## - PHYSICAL DESCRIPTION
Extent vii,195 p. :
Other physical details ill. (incl. ports.) diagrs.
650 #0 - SUBJECT ADDED ENTRY--TOPICAL TERM
Topical term or geographic name entry element Human beings
General subdivision Constitution
650 #0 - SUBJECT ADDED ENTRY--TOPICAL TERM
Topical term or geographic name entry element Temperament
Holdings
Withdrawn status Lost status Damaged status Not for loan Collection Home library Current library Date acquired Cost, normal purchase price Shelving control number Total checkouts Full call number Barcode Date last seen Price effective from Koha item type Public note
        General Fundamental Scientific Library Fundamental Scientific Library 29/12/2016 2000.00     И II/114390 FL0149831 29/12/2016 29/12/2016 Գրքեր / Books 30 Days Loan


ՀՀ ԳԱԱ հիմնարար գիտական գրադարան
ՀՀ,Երևան 0019
Մարշալ Բաղրամյան 24/6
հեռախոս:(374-10) 52-47-50
Հետադարձ կապ

All site content, except where otherwise noted, is licensed under a
Creative Commons License